Discrete mathematics and its applications / (Record no. 14413)

000 -LEADER
fixed length control field 00467cam a2200169 a 4500
020 ## - INTERNATIONAL STANDARD BOOK NUMBER
ISBN 0072899050 (acidfree paper)
040 ## - CATALOGING SOURCE
Transcribing agency DLC
082 ## - DEWEY DECIMAL CLASSIFICATION NUMBER
Classification number 511 WCB 1999 A060 Co.
100 1# - MAIN ENTRY--AUTHOR NAME
Personal name Rosen, Kenneth H.
245 10 - TITLE STATEMENT
Title Discrete mathematics and its applications /
250 ## - EDITION STATEMENT
Edition statement 4th ed.
260 ## - PUBLICATION, DISTRIBUTION, ETC. (IMPRINT)
Place of publication Boston :
Name of publisher WCB/McGraw-Hill,
Year of publication c1999.
300 ## - PHYSICAL DESCRIPTION
Number of Pages xxii, 678 p. :
Other physical details ill., (some col.) ;
Dimensions 27 cm.
650 #0 - SUBJECT ADDED ENTRY--TOPICAL TERM
Topical Term Mathematics.
650 #0 - SUBJECT ADDED ENTRY--TOPICAL TERM
Topical Term Computer science
942 ## - ADDED ENTRY ELEMENTS (KOHA)
Koha item type សៀវភៅភាសាអង់គ្លេស
952 ## - LOCATION AND ITEM INFORMATION (KOHA)
Withdrawn status [LOCAL, KOHA] 0
Holdings
Permanent Location Date acquired Koha item type Lost status Shelving location Barcode Current Location Full call number
Library Block A2017-10-16សៀវភៅភាសាអង់គ្លេស A060A19662Library Block A511 WCB 1999 A060 Co.
មជ្ឈមណ្ឌលឯការនៃសាកលវិទ្យាល័យភូមិន្ទកសិកម្មចំការដូង

Powered by Koha